Estudio de las demandas: Abastecimiento y capacidad de las redes de distribución en las zonas de presión del acueducto metropolitano
Uloženo v:
| Hlavní autor: | |
|---|---|
| Médium: | Neznámo |
| Vydáno: |
[San José , Costa Rica]
1980
|
| Tagy: |
Přidat tag
Žádné tagy, Buďte první, kdo vytvoří štítek k tomuto záznamu!
|
MARC
| LEADER | 00000 a2200000 4500 | ||
|---|---|---|---|
| 003 | 002114 | ||
| 005 | 20221231143740.0 | ||
| 008 | 140114s1980 cr a m 000 ||s d | ||
| 040 | |c cru CEDI | ||
| 090 | |a TFG 949 | ||
| 100 | |a Rojas Vega, Marco A |9 15992 | ||
| 245 | |a Estudio de las demandas: Abastecimiento y capacidad de las redes de distribución en las zonas de presión del acueducto metropolitano | ||
| 260 | |c 1980 |a [San José , Costa Rica] | ||
| 300 | |a 174 hojas ; ilustraciones, 24 planos | ||
| 500 | |a Proyecto final para graduación--Universidad de Costa Rica. Facultad de Ingeniería. Escuela de Ingeniería Civil. | ||
| 942 | |c TFG | ||
| 999 | |c 11222 |d 11222 | ||
